00546pab a2200181 454500008004000000100001600040245006900056260000900125300001300134362001100147650002800158650002000186773002000206908000600226909001000232999001700242952010500259180718b2010 xxu||||| |||| 00| 0 eng d aPatil, R.M. aIndian policies for confronting the challenges of climate change c2010 ap.19-22. a27 Dec aClimatic change - India aClimatic change aUniversity News aN a90320 c90320d90320 00104070aIIPAbIIPAd2018-07-19hVolume no: 48, Issue no: 52pAR90780r2018-07-19w2018-07-19yAR